Central Library OPAC University of Rajshahi

مذہب شاعری ;; mazhab shaari / (Record no. 86502)

MARC details
000 -LEADER
fixed length control field 00601nam a22002057a 4500
001 - CONTROL NUMBER
control field 86502
003 - CONTROL NUMBER IDENTIFIER
rucl marc code BD-RjUL
005 - DATE AND TIME OF LATEST TRANSACTION
control field 20260518120645.0
008 - FIXED-LENGTH DATA ELEMENTS--GENERAL INFORMATION
fixed length control field 260518s1955 pk ||||| |||| 00| 0 urd d
035 ## - SYSTEM CONTROL NUMBER
System control number (BD-RjUL)86502
040 ## - CATALOGING SOURCE
Original cataloging agency BD-RjUL
Language of cataloging eng
Transcribing agency BD-RjUL
041 ## - LANGUAGE CODE
Language code of text/sound track or separate title urd
082 ## - DEWEY DECIMAL CLASSIFICATION NUMBER
Edition number 23
Classification number 297.4
Author mark and year HUM 1955
100 ## - MAIN ENTRY--PERSONAL NAME
Personal name حسین، اعجاز ;; Hussain, Ijaz
9 (RLIN) 18511
245 ## - TITLE STATEMENT
Title مذہب شاعری ;; mazhab shaari /
Statement of responsibility, etc. اعجاز حسین ;; Ijaz Hussain
260 ## - PUBLICATION, DISTRIBUTION, ETC. (IMPRINT)
Place of publication, distribution, etc. Karachi :
Name of publisher, distributor, etc. Urdu Akademy,
Date of publication, distribution, etc. 1955
300 ## - PHYSICAL DESCRIPTION
Pagination 322 p. ;
Size 20 cm
650 ## - SUBJECT ADDED ENTRY--TOPICAL TERM
Topical term or geographic name as entry element صوفی شاعری
9 (RLIN) 18512
942 ## - ADDED ENTRY ELEMENTS (KOHA)
Source of classification or shelving scheme Dewey Decimal Classification
Koha item type Books
Holdings
Lost status Source of classification or shelving scheme Damaged status Not for loan Collection code Permanent Location Current Location Shelving location Date acquired Source of acquisition Cost, normal purchase price Total Checkouts Full call number Date last seen Copy number Koha item type
  Dewey Decimal Classification   Not For Loan Non-fiction Central Library, University of Rajshahi Central Library, University of Rajshahi Reading Room 12/10/1971 Sh. Mubarak Ali 5.50   U 297.4 HUM 1955 18/05/2026 C-1 Books